| 000 | 01257nam a2200301 c 4500 | ||
|---|---|---|---|
| 003 | BLK | ||
| 005 | 20180420230222.0 | ||
| 008 | 180409b bul|||||r ||||||| ||bul|| | ||
| 010 | _aKNG00108372000 | ||
| 040 | _aBLK | ||
| 041 |
_aBUL _cBUL |
||
| 080 |
_aПарапсихология. Нумерология. - Халюцинации, пророчества, предсказания, магии, демонология, телепатия, спиритизъм, илюзии, нумерология, мошеничество. Вж и 133 ; 398.4 ; 615.851 _b159.961 _x(035) _z159.961(035) |
||
| 100 | 1 |
_aВакуленко, Елена _eпърви автор _945126 |
|
| 139 |
_aВакуленко, Елена _bВ 17 |
||
| 245 | 1 | 0 |
_aЕнциклопедия Магика _bТ. 1 - _cЕлена Вакуленко. _nТ. 2 |
| 257 | _aBGR | ||
| 260 |
_аСофия _bЕпсилон _c1998 - _fЗа том: София : Вулкан 4 |
||
| 300 | _c20 см | ||
| 380 | _a1 | ||
| 650 | 4 |
_aМагии _9160892 |
|
| 653 | _aмагии | ||
| 760 | 1 |
_aВакуленко, Елена _d2002 _h320 с. : с табл. _tТ. 2 |
|
| 852 | _aЦб 195889 | ||
| 856 | 4 |
_qpdf _u |
|
| 856 | 4 |
_qpdf _u |
|
| 942 |
_cKNG _n0 |
||
| 944 |
_aCR _c17.10.2003 _kКети_Илиева |
||
| 944 |
_aED _c24.06.2010 _k |
||
| 999 |
_c103298 _d103298 |
||